Most expensive football transfers - Goalkeepers - 2014-2015 Season - Statistics

General Stats
  • This quiz has been taken 20 times
  • The average score is 8 of 10
Answer Stats
Fee (M €) Nationality Left Joined Player % Correct
16,00 Slovenia Benfica Atlético Madrid Jan Oblak
100%
12,00 Germany Bor. M'gladbach Barcelona Marc-André Ter Stegen
94%
10,00 Costa Rica Levante Real Madrid Keylor Navas
89%
12,00 Chile Real Sociedad Barcelona Claudio Bravo
83%
9,00 Switzerland FC Basel Bor. M'gladbach Yann Sommer
83%
8,00 Argentina Málaga CF Manchester City Willy Caballero
78%
12,50 England Celtic Southampton Fraser Forster
72%
5,50 Germany SC Freiburg TSG Hoffenheim Oliver Baumann
61%
5,70 Netherlands Swansea Tottenham Michel Vorm
56%
6,00 Spain Atlético Madrid Olympiacos Roberto
33%
No matching quizzes found
Score Distribution
Percent of People with Each Score
Percentile by Number Answered
Your Score History
You have not taken this quiz